Alle 99 Städte Deutschlands mit K - Statistiken

Allgemein
  • Dieses Quiz wurde 63 mal gespielt
  • Das Durchschnittsergebnis liegt bei 20 aus 99
Antwortstatistiken
Landkreis Stadt % Korrekt
\ (kreisfrei) Köln
90%
K*r**r**e Karlsruhe
84%
\ (kreisfrei) Krefeld
84%
\ (kreisfrei) Kassel
80%
\ (kreisfrei) Kaiserslautern
78%
\ (kreisfrei) Kiel
78%
K*e*e Kleve
76%
\ (kreisfrei) Koblenz
71%
K**s*a*z Konstanz
71%
K*t*i*g*n Kitzingen
55%
\ (kreisfrei) Kempten
51%
K*s*l Kusel
49%
K***b**h Kulmbach
43%
Rhein-Erft-Kreis Kerpen
41%
Unna Kamen
39%
Ortenaukreis Kehl
39%
K**h**m Kelheim
39%
Esslingen Kirchheim
37%
\ (kreisfrei) Kaufbeuren
35%
Rhein-Sieg-Kreis Königswinter
35%
Anhalt-Bitterfeld Köthen
33%
Waldeck-Frankenberg Korbach
31%
Viersen Kempen
29%
K*e*e Kevelaer
29%
Dahme-Spreewald Königs Wusterhausen
29%
K**n**h Kronach
27%
Rhein-Kreis Neuss Kaarst
24%
Hochtaunuskreis Königstein im Taunus
24%
Sächs. Schweiz-Osterzgebirge Königstein (Sächsische Schweiz)
24%
Segeberg Kaltenkirchen
22%
Wesel Kamp-Lintfort
22%
Rhein-Kreis Neuss Korschenbroich
22%
Hochtaunuskreis Kronberg
22%
Bautzen Kamenz
20%
Haßberge Königsberg
20%
Germersheim Kandel
18%
Main-Taunus-Kreis Kelkheim
18%
Altenkirchen (Westerwald) Kirchen
16%
Main-Spessart Karlstadt
14%
Märkischer Kreis Kierspe
14%
Zwickau Kirchberg
14%
Schwäbisch Hall Kirchberg an der Jagst
14%
Rhein-Hunsrück-Kreis Kirchberg (Hunsrück)
14%
Trier-Saarburg Konz
14%
Ludwigsburg Kornwestheim
14%
Wetteraukreis Karben
12%
Mansfeld-Südharz Kelbra (Kyffhäuser)
12%
Donnersbergkreis Kirchheimbolanden
12%
Miltenberg Klingenberg
12%
Siegen-Wittgenstein Kreuztal
12%
Hohenlohekreis Künzelsau
12%
Ostprignitz-Ruppin Kyritz
12%
K*e*e Kalkar
10%
Groß-Gerau Kelsterbach
10%
Bad Kreuznach Kirn
10%
Schleswig-Flensburg Kappeln
8%
Rhein-Lahn-Kreis Kaub
8%
Augsburg Königsbrunn
8%
Günzburg Krumbach
8%
Rostock Kühlungsborn
8%
Saale-Holzland-Kreis Kahla
6%
Altmarkkreis Salzwedel Kalbe
6%
Rhein-Hunsrück-Kreis Kastellaun
6%
Rhein-Lahn-Kreis Katzenelnbogen
6%
Marburg-Biedenkopf Kirchhain
6%
Helmstedt Königslutter
6%
Hohenlohekreis Krautheim
6%
Oberhavel Kremmen
6%
Steinburg Kellinghusen
4%
Vogtlandkreis Klingenthal
4%
Sömmerda Kölleda
4%
Bautzen Königsbrück
4%
Salzlandkreis Könnern
4%
K*r**r**e Kraichtal
4%
Weimarer Land Kranichfeld
4%
Eifelkreis Bitburg-Prüm Kyllburg
4%
Lörrach Kandern
2%
Wittenberg Kemberg
2%
Tirschenreuth Kemnath
2%
Emmendingen Kenzingen
2%
Havelland Ketzin
2%
Vogelsbergkreis Kirtorf
2%
Leipzig Kitzscher
2%
Altmarkkreis Salzwedel Klötze
2%
Enzkreis Knittlingen
2%
Saalfeld-Rudolstadt Königssee
2%
Rostock Krakow
2%
Steinburg Krempe
2%
Rostock Kröpelin
2%
Börde Kroppenstedt
2%
Main-Tauber-Kreis Külsheim
2%
K***b**h Kupferberg
2%
Rastatt Kuppenheim
2%
Cochem-Zell Kaisersesch
0%
Schmalkalden-Meiningen Kaltennordheim
0%
Wunsiedel im Fichtelgebirge Kirchenlamitz
0%
Nordwestmecklenburg Klütz
0%
Rosenheim Kolbermoor
0%
Ludwigsburg Korntal-Münchingen
0%
Keine übereinstimmenden Quizze gefunden
Verteilung der Resultate
Anzahl Personen mit jedem Resultat
Perzentil nach korrekt beantworteten Fragen
Ihre Resultats-Entwicklung
Sie haben dieses Quiz noch nicht gespielt